<?xml version="1.0" encoding="UTF-8"?>
<collection xmlns="http://www.loc.gov/MARC21/slim">
 <record>
  <leader>00511pamaa2200157   4500</leader>
  <controlfield tag="001">0000018259</controlfield>
  <controlfield tag="005">20060921090000.0</controlfield>
  <datafield tag="020" ind1="0" ind2="0">
   <subfield code="a">nil (?) </subfield>
  </datafield>
  <datafield tag="090" ind1="0" ind2="0">
   <subfield code="a">HC445.5 </subfield>
   <subfield code="b">CRI 2002</subfield>
  </datafield>
  <datafield tag="245" ind1="1" ind2="0">
   <subfield code="a">CRITICAL voices on sustainable development  </subfield>
   <subfield code="c">edited by Elizabeth Wong.</subfield>
  </datafield>
  <datafield tag="260" ind1="0" ind2="0">
   <subfield code="a">Cheras: </subfield>
   <subfield code="b">Suaram Komunikasi, </subfield>
   <subfield code="c">2002.</subfield>
  </datafield>
  <datafield tag="300" ind1=" " ind2=" ">
   <subfield code="a">vii, 84p.: </subfield>
   <subfield code="b">23cm.</subfield>
  </datafield>
  <datafield tag="500" ind1="0" ind2="0">
   <subfield code="a">Suara Rakyat Malaysia (SUARAM)</subfield>
  </datafield>
  <datafield tag="650" ind1="0" ind2="0">
   <subfield code="a">Malaysia -- </subfield>
   <subfield code="x">Economic conditions -- </subfield>
   <subfield code="x">Regional disparities </subfield>
  </datafield>
  <datafield tag="700" ind1="1" ind2="1">
   <subfield code="a">Wong, </subfield>
   <subfield code="h">Elizabeth </subfield>
  </datafield>
  <datafield tag="901" ind1=" " ind2=" ">
   <subfield code="u">http://www.suaram.org</subfield>
  </datafield>
 </record>
</collection>
